Isabel de Farnesio : (Record no. 128809)

MARC details
000 -LEADER
campo de control de longitud fija 00645nam a2200193 i 4500
001 - NÚMERO DE CONTROL
campo de control 128809
003 - IDENTIFICADOR DE NÚMERO DE CONTROL
campo de control ES-MaACL
005 - FECHA Y HORA DE LA ÚLTIMA TRANSACCIÓN
campo de control 20230906193350.0
007 - CAMPO FIJO DE DESCRIPCIÓN FÍSICA--INFORMACIÓN GENERAL
campo de control de longitud fija t|
008 - DATOS DE LONGITUD FIJA--INFORMACIÓN GENERAL
campo de control de longitud fija 070528s1943 sp ||||1| spa d
080 ## - NÚMERO DE LA CLASIFICACIÓN DECIMAL UNIVERSAL
Número de la Clasificación Decimal Universal 929 Isabel de Farnesio
100 1# - ENTRADA PRINCIPAL--NOMBRE DE PERSONA
Nombre de persona Taxonera, Luciano de,
Fechas asociadas al nombre 1890-1967
9 (RLIN) 109428
245 10 - MENCIÓN DEL TÍTULO
Título Isabel de Farnesio :
Resto del título retrato de una reina y perfil de una mujer (1692-1766) /
Mención de responsabilidad, etc. Luciano de Taxonera.
260 ## - PUBLICACIÓN, DISTRIBUCIÓN, ETC.
Lugar de publicación, distribución, etc. Barcelona :
Nombre del editor, distribuidor, etc. Juventud,
Fecha de publicación, distribución, etc. 1943.
300 ## - DESCRIPCIÓN FÍSICA
Extensión 284 p. :
Otras características físicas il. ;
Dimensiones 23 cm.
600 04 - PUNTO DE ACCESO ADICIONAL DE MATERIA--NOMBRE DE PERSONA
Nombre de persona Isabel
Títulos y otros términos asociados al nombre Reina consorte de Felipe V, Rey de España.
9 (RLIN) 159688
852 4# - LOCALIZACIÓN
Ubicación ES-MaACL
Número de control de estantería B-9799
Holdings
Estatus retirado Estado de pérdida Estado de daño No para préstamo Biblioteca de origen Biblioteca actual Ubicación en estantería Fecha de adquisición Fuente de adquisición Total de préstamos Signatura topográfica completa Código de barras Visto por última vez Precio de reemplazo Tipo de ítem Koha
        Biblioteca del Ateneo de Madrid Biblioteca del Ateneo de Madrid Sala Pardo Bazán 17/01/2008     B-9799 1134143 23/02/2023 23/02/2023 Libro impreso